[Event "Voronezh School op"]
[Site "Voronezh"]
[Date "2015.05.20"]
[Round "2"]
[White "Lukovnikov, Alexander"]
[Black "Lazarev, Alexandr"]
[Result "1-0"]
[WhiteElo "2229"]
[BlackElo "1849"]
[PlyCount "59"]
[EventDate "2015.05.19"]
[EventType "swiss"]
[EventRounds "9"]
[EventCountry "RUS"]
[SourceTitle "EXT 2016"]
[Source "ChessBase"]
[SourceDate "2015.10.08"]
[SourceVersion "1"]
[SourceVersionDate "2015.10.08"]
[SourceQuality "1"]

1. d4 d5 2. c4 e6 3. Nc3 Be7 4. Nf3 Nf6 5. Bg5 Nbd7 6. e3 0-0 7. Qc2 h6 8. Bf4 c6 9. 0-0-0 Qa5 10. Kb1 Nh5 11. Be5 Nxe5 12. Nxe5 Bb4 13. g4 Nf6 14. Bd3 Bxc3 15. bxc3 b5 16. c5 Nd7 17. Nxc6 Qc7 18. Ne7+ Kh8 19. Nxc8 Rfxc8 20. f4 Nf6 21. Rhg1 Rab8 22. g5 Ng8 23. Qg2 g6 24. gxh6 Nxh6 25. Qg5 Ng8 26. Qh4+ Kg7 27. Bxg6 fxg6 28. Rxg6+ Kf8 29. Rdg1 Qf7 30. Qh8 1-0

[Event "Voronezh-ch op2"]
[Site "Voronezh"]
[Date "2015.04.10"]
[Round "8"]
[White "Lazarev, Alexandr"]
[Black "Sakorenko, Adriana"]
[Result "1-0"]
[WhiteElo "1804"]
[BlackElo "1776"]
[PlyCount "81"]
[EventDate "2015.04.02"]
[EventType "swiss"]
[EventRounds "9"]
[EventCountry "RUS"]
[SourceTitle "EXT 2017"]
[Source "ChessBase"]
[SourceDate "2016.10.25"]
[SourceVersion "1"]
[SourceVersionDate "2016.10.25"]
[SourceQuality "1"]

1. e4 c5 2. Nf3 e6 3. d4 cxd4 4. Nxd4 a6 5. c4 Nf6 6. Bd3 Qc7 7. 0-0 Be7 8. Nc3 d6 9. Be3 Nbd7 10. f4 b6 11. g4 Nc5 12. g5 Nfd7 13. Bc2 Nb7 14. Qe2 Na5 15. Bd3 Nc5 16. b4 Nxd3 17. bxa5 Nc5 18. axb6 Qxb6 19. f5 Qc7 20. fxe6 Bxe6 21. Nxe6 fxe6 22. Qg4 Qc6 23. Kg2 Rb8 24. Rab1 Kd7 25. Nd5 Rhf8 26. Rxb8 Rxb8 27. Rf7 Re8 28. Rxg7 Nxe4 29. Qxe4 exd5 30. Qxd5 Qxd5+ 31. cxd5 Rb8 32. Bd4 Kd8 33. Rg8+ Kc7 34. Rxb8 Kxb8 35. Bf6 Bf8 36. h4 Kc7 37. h5 Kb6 38. h6 Bxh6 39. gxh6 Kc5 40. Kf3 Kxd5 41. Kf4 1-0

[Event "Voronezh Winter Rating op"]
[Site "Voronezh"]
[Date "2015.01.24"]
[Round "5"]
[White "Lazarev, Alexandr"]
[Black "Shestakova, Ekaterina"]
[Result "0-1"]
[WhiteElo "1845"]
[BlackElo "1430"]
[PlyCount "117"]
[EventDate "2015.01.17"]
[EventType "swiss"]
[EventRounds "9"]
[EventCountry "RUS"]
[SourceTitle "EXT 2017"]
[Source "ChessBase"]
[SourceDate "2016.10.25"]
[SourceVersion "1"]
[SourceVersionDate "2016.10.25"]
[SourceQuality "1"]

1. e4 c5 2. Nf3 e6 3. d4 cxd4 4. Nxd4 Nf6 5. Nc3 d6 6. Be2 Be7 7. 0-0 0-0 8. Be3 Nc6 9. Kh1 a6 10. a4 Bd7 11. Qd2 Qc7 12. f4 Nxd4 13. Bxd4 e5 14. Be3 Bc6 15. Bf3 b6 16. Nd5 Nxd5 17. exd5 Bb7 18. f5 Rac8 19. Rf2 Rfe8 20. Ra3 Qd8 21. a5 bxa5 22. Rb3 Qd7 23. f6 Bxf6 24. Be4 Qe7 25. Bf5 Ra8 26. Qxa5 g6 27. Bh3 Bc8 28. Bh6 Bxh3 29. Rxh3 Bg7 30. Qd2 f5 31. Bg5 Qf7 32. c4 Rec8 33. Qb4 Qc7 34. b3 Rab8 35. Qa4 Ra8 36. Rd3 Re8 37. h4 e4 38. Rd1 Qc5 39. Re2 Qc7 40. Be3 Be5 41. Rf1 Qf7 42. b4 Red8 43. Bg5 Qd7 44. Qc6 Qxc6 45. dxc6 Rdc8 46. b5 axb5 47. cxb5 Rab8 48. g4 fxg4 49. Rxe4 Rxb5 50. Be7 Rc5 51. Rxg4 R5xc6 52. h5 Kg7 53. hxg6 hxg6 54. Rfg1 Rh8+ 55. Kg2 Rh2+ 56. Kf3 Rc3+ 57. Ke4 Rc4+ 58. Kd5 Rxg4 59. Rxg4 0-1

[Event "Voronezh Rating op 06"]
[Site "Voronezh"]
[Date "2014.06.06"]
[Round "7"]
[White "Lazarev, Alexandr"]
[Black "Kostin, Alexey"]
[Result "0-1"]
[WhiteElo "1839"]
[BlackElo "2303"]
[PlyCount "76"]
[EventDate "2014.05.30"]
[EventType "swiss"]
[EventRounds "7"]
[EventCountry "RUS"]
[SourceTitle "EXT 2015"]
[Source "ChessBase"]
[SourceDate "2014.11.20"]
[SourceVersion "1"]
[SourceVersionDate "2014.11.20"]
[SourceQuality "1"]

1. e4 c5 2. Nf3 e6 3. d4 cxd4 4. Nxd4 a6 5. Nc3 Qc7 6. Bd3 Nc6 7. Be3 Nf6 8. 0-0 Ne5 9. h3 Bc5 10. Re1 d6 11. Nb3 Bxe3 12. Rxe3 b5 13. a3 Bb7 14. Kh1 0-0 15. Qe2 Rac8 16. f4 Nc4 17. Bxc4 bxc4 18. Nd2 d5 19. e5 d4 20. Rg3 Nd5 21. Nxd5 Bxd5 22. Ne4 Bxe4 23. Qxe4 Qb6 24. b4 Rfd8 25. Rf3 g6 26. Re1 a5 27. bxa5 Qxa5 28. Rd1 d3 29. cxd3 Qxa3 30. d4 Qb2 31. f5 exf5 32. Qf4 c3 33. Rfd3 c2 34. Rc1 Rc4 35. e6 fxe6 36. Qe3 e5 37. Rb3 Qxd4 38. Qh6 Qd2 0-1

[Event "Voronezh Rating op 06"]
[Site "Voronezh"]
[Date "2014.06.05"]
[Round "6"]
[White "Polyansky, Viktor"]
[Black "Lazarev, Alexandr"]
[Result "0-1"]
[WhiteElo "1985"]
[BlackElo "1839"]
[PlyCount "60"]
[EventDate "2014.05.30"]
[EventType "swiss"]
[EventRounds "7"]
[EventCountry "RUS"]
[SourceTitle "EXT 2015"]
[Source "ChessBase"]
[SourceDate "2014.11.20"]
[SourceVersion "1"]
[SourceVersionDate "2014.11.20"]
[SourceQuality "1"]

1. e4 c5 2. f4 e6 3. Nf3 Nf6 4. e5 Nd5 5. c4 Nxf4 6. d4 Ng6 7. d5 d6 8. Bg5 Be7 9. Bxe7 Qxe7 10. Nc3 0-0 11. Nb5 Nxe5 12. Nxe5 exd5 13. Qxd5 dxe5 14. Bd3 Rd8 15. Qe4 f5 16. Qe2 Nc6 17. 0-0-0 Nd4 18. Nxd4 cxd4 19. Bc2 e4 20. Bb3 Qc5 21. Qh5 Be6 22. g4 Rac8 23. Kb1 f4 24. Qh4 g5 25. Qh6 Bxg4 26. Rdg1 Rd6 27. Qxd6 Qxd6 28. c5+ Kf8 29. cxd6 Bf3 30. Be6 Rd8 0-1

[Event "Voronezh Rating op 06"]
[Site "Voronezh"]
[Date "2014.06.03"]
[Round "4"]
[White "Shabunin, Danil"]
[Black "Lazarev, Alexandr"]
[Result "1-0"]
[WhiteElo "1739"]
[BlackElo "1839"]
[PlyCount "85"]
[EventDate "2014.05.30"]
[EventType "swiss"]
[EventRounds "7"]
[EventCountry "RUS"]
[SourceTitle "EXT 2015"]
[Source "ChessBase"]
[SourceDate "2014.11.20"]
[SourceVersion "1"]
[SourceVersionDate "2014.11.20"]
[SourceQuality "1"]

1. e4 c5 2. Nf3 d6 3. d4 cxd4 4. Nxd4 Nf6 5. Nc3 a6 6. Be3 b5 7. f3 e6 8. Qd2 Bd7 9. 0-0-0 Qa5 10. Nb3 Qc7 11. g4 b4 12. Ne2 Nc6 13. g5 Nh5 14. Ned4 Be7 15. Nxc6 Bxc6 16. Nd4 a5 17. Bb5 Bd7 18. f4 Qb7 19. Qe2 g6 20. Rhe1 0-0 21. f5 e5 22. Bxd7 exd4 23. f6 Qxd7 24. fxe7 Qxe7 25. Rxd4 Qe6 26. Kb1 Rab8 27. Red1 Rfd8 28. Qd2 Rb6 29. e5 Ng7 30. Rd5 Ra6 31. Qd3 Rda8 32. Rxd6 Qxe5 33. Rxa6 Rxa6 34. Qxa6 Qxe3 35. Qxa5 Ne6 36. Qxb4 Qxg5 37. a4 Qh5 38. Rd2 Qe5 39. a5 Nc5 40. Rd8+ Kg7 41. Qd4 Qxd4 42. Rxd4 f5 43. b4 1-0

[Event "Voronezh Rating op 03-A"]
[Site "Voronezh"]
[Date "2014.03.04"]
[Round "4"]
[White "Lazarev, Alexandr"]
[Black "Grishchenko, Vladimir"]
[Result "0-1"]
[WhiteElo "1851"]
[BlackElo "1994"]
[PlyCount "87"]
[EventDate "2014.03.01"]
[EventType "swiss"]
[EventRounds "9"]
[EventCountry "RUS"]
[SourceTitle "EXT 2015"]
[Source "ChessBase"]
[SourceDate "2014.11.20"]
[SourceVersion "1"]
[SourceVersionDate "2014.11.20"]
[SourceQuality "1"]

1. e4 c5 2. Nf3 e6 3. d4 cxd4 4. Nxd4 a6 5. c4 Nf6 6. Nc3 Qc7 7. Bd3 Nc6 8. Nxc6 dxc6 9. 0-0 e5 10. h3 Be7 11. Be3 0-0 12. c5 Be6 13. b4 Rad8 14. Qe2 g6 15. Bh6 Rfe8 16. g4 Rd4 17. a3 Red8 18. Rfd1 Qd7 19. Bc2 Bc4 20. Rxd4 Qxd4 21. Qe1 Qd7 22. Rd1 Qe6 23. Rxd8+ Bxd8 24. Qd1 Be7 25. Kg2 Ne8 26. Qd2 Ng7 27. Kg3 Qc8 28. Bxg7 Kxg7 29. g5 Be6 30. h4 h5 31. gxh6+ Kh7 32. f4 exf4+ 33. Qxf4 Bf8 34. e5 Bxh6 35. Qd4 Bg7 36. Ne4 Bd5 37. Nf6+ Bxf6 38. exf6 Qe6 39. Bd1 Qe1+ 40. Kg4 Qh1 41. Kf4 Qf1+ 42. Kg3 Qg2+ 43. Kf4 Qh2+ 44. Kg4 0-1

[Event "Voronezh Winter op"]
[Site "Voronezh"]
[Date "2013.01.26"]
[Round "7"]
[White "Skorobogatykh, Andrey"]
[Black "Lazarev, Alexandr"]
[Result "1-0"]
[WhiteElo "1991"]
[BlackElo "1896"]
[PlyCount "88"]
[EventDate "2013.01.15"]
[EventType "swiss"]
[EventRounds "9"]
[EventCountry "RUS"]
[SourceTitle "EXT 2014"]
[Source "ChessBase"]
[SourceDate "2013.11.20"]
[SourceVersion "1"]
[SourceVersionDate "2013.11.20"]
[SourceQuality "1"]

1. e4 c5 2. Nc3 Nc6 3. g3 g6 4. Bg2 Bg7 5. d3 e5 6. Nge2 Nge7 7. Be3 d6 8. Qd2 Nd4 9. 0-0 0-0 10. h3 Be6 11. g4 Qd7 12. Ng3 Rab8 13. Nd1 b5 14. c3 Ndc6 15. f3 Rfd8 16. Nf2 d5 17. Bxc5 d4 18. a4 bxa4 19. Rxa4 Bb3 20. Ra3 a5 21. cxd4 Nxd4 22. Rxa5 Nec6 23. Raa1 Rb5 24. Ba3 Nc2 25. Rac1 Nxa3 26. bxa3 Bf8 27. Ra1 Bc5 28. Rfc1 Qa7 29. Kf1 Be3 30. Qc3 Bxc1 31. Qxc1 Rc5 32. Qg5 Rc2 33. Nfh1 Qd4 34. Rd1 Rxg2 35. Kxg2 Bxd1 36. Nf2 Bxf3+ 37. Kxf3 f6 38. Qc1 Qd6 39. Kg2 Nd4 40. Qc4+ Kg7 41. h4 Ne6 42. Ne2 Ra8 43. a4 Nc5 44. d4 Nxa4 1-0

[Event "St Petersburg Autumn op"]
[Site "St Petersburg"]
[Date "2011.11.04"]
[Round "8"]
[White "Lazarev, Alexandr"]
[Black "Malinicheva, Lidia"]
[Result "1/2-1/2"]
[WhiteElo "2007"]
[BlackElo "2025"]
[PlyCount "83"]
[EventDate "2011.10.28"]
[EventType "swiss"]
[EventRounds "9"]
[EventCountry "RUS"]
[SourceTitle "EXT 2013"]
[Source "ChessBase"]
[SourceDate "2012.11.22"]
[SourceVersion "1"]
[SourceVersionDate "2012.11.22"]
[SourceQuality "1"]

1. e4 c6 2. d4 d6 3. Bd3 Nd7 4. Nf3 e5 5. c3 Ngf6 6. Nbd2 Be7 7. h3 Qc7 8. Qc2 0-0 9. Nb3 a5 10. Be3 a4 11. Nbd2 b5 12. a3 Re8 13. 0-0 Nf8 14. Rfe1 Ng6 15. Rad1 Nh5 16. dxe5 dxe5 17. c4 Qb7 18. Nb1 Be6 19. Rc1 Rec8 20. c5 Rd8 21. Bf1 Qc8 22. Red1 Qc7 23. Nbd2 Nhf4 24. Qc3 f6 25. Kh2 Bf7 26. Ne1 Rd7 27. g3 Ne6 28. Ndf3 Rad8 29. Be2 Qa7 30. Rxd7 Rxd7 31. Nd3 Ngf8 32. Nb4 Qa8 33. Kg2 Nc7 34. Kh2 Nfe6 35. Kg2 Na6 36. Rc2 Naxc5 37. Bxc5 Bxc5 38. Nd3 Bf8 39. Qxc6 Qxc6 40. Rxc6 Nd4 41. Nxd4 Rxd4 42. Nc5 1/2-1/2